Fr. Conceicao Rodrigues College of Engineering

Simple methods for identification of plastics (Record no. 19797)

MARC details
000 -LEADER
fixed length control field 00313nam a2200133Ia 4500
082 ## - DEWEY DECIMAL CLASSIFICATION NUMBER
Classification number 668.4
Item number BRA
100 ## - MAIN ENTRY--PERSONAL NAME
Personal name Braun/ Dietrich
245 ## - TITLE STATEMENT
Title Simple methods for identification of plastics
260 ## - PUBLICATION, DISTRIBUTION, ETC.
Name of publisher, distributor, etc. Hanser publishers
Place of publication, distribution, etc. Munich
Date of publication, distribution, etc. 1986
300 ## - PHYSICAL DESCRIPTION
Extent 110
546 ## - LANGUAGE NOTE
Language note ENGLISH
654 ## - SUBJECT ADDED ENTRY--FACETED TOPICAL TERMS
Focus term Plastics
942 ## - ADDED ENTRY ELEMENTS (KOHA)
Koha item type BOOK
Holdings
Withdrawn status Lost status Damaged status Not for loan Collection Home library Current library Shelving location Date acquired Source of acquisition Cost, normal purchase price Inventory number Total Checkouts Full call number Barcode Date last seen Cost, replacement price Price effective from Koha item type
        CRC Fr. Agnel's C.Rodrigues College of Engineering Fr. Agnel's C.Rodrigues College of Engineering   17/03/2023 Book World 396.00 093 dt 16.08.1990   668.4 BRA 2910 17/03/2023 396.00 16/08/1990 BOOK